| 000 | 00571nam a22001817a 4500 | ||
|---|---|---|---|
| 005 | 20260428082354.0 | ||
| 008 | 260428b |||||||| |||| 00| 0 eng d | ||
| 040 | _aDLSCC | ||
| 041 | _aasm | ||
| 041 | _aeng | ||
| 110 |
_aASSEB _bEnviromental Education |
||
| 245 | _aHs 1st year Enviromental Education 2026 | ||
| 260 |
_aASSAM: _bAssam State School Education Board; _c2026 |
||
| 300 | _a4p. | ||
| 650 | _aEnviromental Education | ||
| 856 |
_uhttps://drive.google.com/file/d/13otPwmFwtC2l9bwojWNnQU8KhjzjBC0F/view?usp=sharing _yCLICK TO VIEW ONLINE |
||
| 942 |
_2ddc _cQP |
||
| 999 |
_c16432 _d16432 |
||